000 00994cam a2200289 i 4500
001 13788
003 BD-RjUL
005 20211208235519.0
008 140202s2011 xxuab b 001 0ceng
020 _a9789842001697
035 _a(BD-RjUL)13840
040 _aDLC
_beng
_cDLC
_dDLC
_dBD-RjUL
_erda
041 _aeng
082 _a920.050922
_bDIB 2011
100 1 _aDil, Anwar S.
_920034
245 1 0 _aBangladesh, an intercultural memoir /
_cAnwar Dil ; foreword by Kabir Chowdhury.
250 _aFirst edition.
260 _aCalifornia :
_bIntercultural Forum ;
_aDhaka :
_bAdorn Publications,
_cc2011.
300 _a342 pages :
_billustrations, map ;
_c24 cm.
490 0 _aContributions to Bangladesh studies ;
_vvolume IX
504 _aIncludes bibliographical references and index.
520 _aBiographies of six intellectuals from Bangladesh.
650 0 _aIntellectuals
_zBangladesh
_vBiography.
_943114
942 _2ddc
_cBK
999 _c13788
_d13788